000
00145nam a22000857a 4500
082
_a
823
100
_a
UNKNOWN
245
_a
JATAKA TALES
942
_c
BK
999
_c
8243
_d
8243